|
|
|
|
| LEADER |
03131nam a22005295i 4500 |
| 001 |
978-3-540-76539-4 |
| 003 |
DE-He213 |
| 005 |
20151204180456.0 |
| 007 |
cr nn 008mamaa |
| 008 |
100301s2007 gw | s |||| 0|eng d |
| 020 |
|
|
|a 9783540765394
|9 978-3-540-76539-4
|
| 024 |
7 |
|
|a 10.1007/978-3-540-76539-4
|2 doi
|
| 040 |
|
|
|d GrThAP
|
| 050 |
|
4 |
|a QA76.9.C65
|
| 072 |
|
7 |
|a UGK
|2 bicssc
|
| 072 |
|
7 |
|a COM072000
|2 bisacsh
|
| 082 |
0 |
4 |
|a 003.3
|2 23
|
| 245 |
1 |
0 |
|a Multi-Agent-Based Simulation VII
|h [electronic resource] :
|b International Workshop, MABS 2006, Hakodate, Japan, May 8, 2006, Revised and Invited Papers /
|c edited by Luis Antunes, Keiki Takadama.
|
| 264 |
|
1 |
|a Berlin, Heidelberg :
|b Springer Berlin Heidelberg,
|c 2007.
|
| 300 |
|
|
|a X, 194 p.
|b online resource.
|
| 336 |
|
|
|a text
|b txt
|2 rdacontent
|
| 337 |
|
|
|a computer
|b c
|2 rdamedia
|
| 338 |
|
|
|a online resource
|b cr
|2 rdacarrier
|
| 347 |
|
|
|a text file
|b PDF
|2 rda
|
| 490 |
1 |
|
|a Lecture Notes in Computer Science,
|x 0302-9743 ;
|v 4442
|
| 505 |
0 |
|
|a Invited Papers -- Exploring the Vast Parameter Space of Multi-Agent Based Simulation -- Applications of Agent Based Simulation -- Empirical Cross Studies -- Analyzing Dynamics of Peer-to-Peer Communication -From Questionnaire Surveys to Agent-Based Simulation -- Modeling Human Education Data: From Equation-Based Modeling to Agent-Based Modeling -- Experimental Ecology -- Contrasting a System Dynamics Model and an Agent-Based Model of Food Web Evolution -- Roost Size for Multilevel Selection of Altruism Among Vampire Bats -- Experimental Economics -- Tactical Exploration of Tax Compliance Decisions in Multi-agent Based Simulation -- Learning to Use a Perishable Good as Money -- Foundations and Methodologies -- A Holonic Approach to Model and Deploy Large Scale Simulations -- Concurrent Modeling of Alternative Worlds with Polyagents -- Learning -- Integrating Learning and Inference in Multi-agent Systems Using Cognitive Context -- Can Agents Acquire Human-Like Behaviors in a Sequential Bargaining Game? – Comparison of Roth’s and Q-Learning Agents – -- Social Dependence -- Quantifying Degrees of Dependence in Social Dependence Relations.
|
| 650 |
|
0 |
|a Computer science.
|
| 650 |
|
0 |
|a Computer communication systems.
|
| 650 |
|
0 |
|a Artificial intelligence.
|
| 650 |
|
0 |
|a Computer simulation.
|
| 650 |
|
0 |
|a Application software.
|
| 650 |
1 |
4 |
|a Computer Science.
|
| 650 |
2 |
4 |
|a Simulation and Modeling.
|
| 650 |
2 |
4 |
|a Artificial Intelligence (incl. Robotics).
|
| 650 |
2 |
4 |
|a Computer Communication Networks.
|
| 650 |
2 |
4 |
|a Computer Appl. in Social and Behavioral Sciences.
|
| 650 |
2 |
4 |
|a Information Systems Applications (incl. Internet).
|
| 700 |
1 |
|
|a Antunes, Luis.
|e editor.
|
| 700 |
1 |
|
|a Takadama, Keiki.
|e editor.
|
| 710 |
2 |
|
|a SpringerLink (Online service)
|
| 773 |
0 |
|
|t Springer eBooks
|
| 776 |
0 |
8 |
|i Printed edition:
|z 9783540765363
|
| 830 |
|
0 |
|a Lecture Notes in Computer Science,
|x 0302-9743 ;
|v 4442
|
| 856 |
4 |
0 |
|u http://dx.doi.org/10.1007/978-3-540-76539-4
|z Full Text via HEAL-Link
|
| 912 |
|
|
|a ZDB-2-SCS
|
| 912 |
|
|
|a ZDB-2-LNC
|
| 950 |
|
|
|a Computer Science (Springer-11645)
|